Statistics for Dennis Hopper Filmography

Click here to take the quiz!

General Stats

  • This quiz has been taken 25 times
    (16 since last reset)
  • The average score is 74 of 252

Answer Stats

TypeYearName% Correct
Film1979Apocalypse Now
90%
Director1969Easy Rider
90%
Film1955Rebel Without a Cause
80%
Film1986Blue Velvet
70%
Film1995Waterworld
70%
Film1968Hang 'Em High
60%
TV Show1987, 1990Saturday Night Live
60%
Film1986The Texas Chainsaw Massacre 2
60%
TV Show200224
50%
Video Game1994Hell: A Cyberpunk Thriller
50%
Film1986Hoosiers
50%
Film2005Land of the Dead
50%
Film1994Speed
50%
Film1993Super Mario Bros.
50%
Film1991The Indian Runner
50%
Film1987The Pick-up Artist
50%
Film1993True Romance
50%
TV Film1988Black Leather Jacket
40%
TV Show1964Bonanza
40%
Director1988Colors
40%
TV Show1967Combat!
40%
Film1967Cool Hand Luke
40%
TV Film1991Double Crossed
40%
Film1990Flashback
40%
Video Game2002Grand Theft Auto: Vice City
40%
TV Show1965Gunsmoke
40%
TV Film1992Nails
40%
Film1993Red Rock West
40%
Film1986River's Edge
40%
TV Show1963The Twilight Zone
40%
Film1969True Grit
40%
Film200610th & Wolf
30%
TV Show196187th Precinct
30%
Short Film1985A Hero of Our Time
30%
Film2005Americano
30%
Commercial2006Ameriprise Financial
30%
TV Show1964Arrest and Trial
30%
Film1999Bad City Blues
30%
Film1996Basquiat
30%
Video Game1998Black Dahlia
30%
Film1987Black Widow
30%
Film1989Blood Red
30%
Film1993Boiling Point
30%
Film1996Carried Away
30%
Film1990Catchfire
30%
TV Show1954Cavalcade of America
30%
Film1994Chasers
30%
Film1989Chattahoochee
30%
TV Show1956, 1957Cheyenne
30%
Film2001Choke
30%
Commercial2005Cingular Wireless
30%
TV Show1957Conflict
30%
TV Show1965Convoy
30%
Film1972Crush Proof
30%
TV Documentary2003Dennis Hopper: Create (or Die)
30%
TV Show1958, 1959Dick Powell's Zane Grey Theatre
30%
Film1999EDtv
30%
Film2008Elegy
30%
TV Show1963Espionage
30%
Film1991Eye of the Storm
30%
TV Mini-Series2002Firestarter: Rekindled
30%
TV Show2002Flatland
30%
Film1958From Hell to Texas
30%
TV Show1962General Electric Theater
30%
Film1956Giant
30%
Film1957Gunfight at the O.K. Corral
30%
Film1968Head
30%
Film2000Held for Ransom
30%
Film2008Hell Ride
30%
Film2006Hoboken Hollow
30%
Director2000Homeless
30%
Documentary2012HOPPER: In His Own Words
30%
Film2005House of 9
30%
Film1982Human Highway
30%
Film1955I Died a Thousand Times
30%
Documentary2005Inside Deep Throat
30%
TV Mini-Series2000Jason and the Argonauts
30%
Film1999Jesus' Son
30%
Film1960Key Witness
30%
Film1973Kid Blue
30%
Film1981King of the Mountain
30%
TV Show1956Kings Row
30%
Film2001Knockaround Guys
30%
Film2001L.A.P.D.: To Protect and to Serve
30%
Film1978Last In, First Out
30%
TV Show2004Las Vegas
30%
Film2004Legacy
30%
Film2002Leo
30%
TV Show1955Letter to Loretta
30%
Commercial2002Lincoln
30%
Film2000Luck of the Draw
30%
Short Film1967Luke
30%
Film1999Lured Innocence
30%
Film1976Mad Dog Morgan
30%
TV Show1955Medic
30%
Film1998Meet the Deedles
30%
Film2006Memory
30%
Film1985My Science Project
30%
TV Show1961Naked City
30%
Film1961Night Tide
30%
Commercial1994-1995Nike
30%
Film1985O.C. and Stiggs
30%
Film2004Out of Season
30%
Film1980Out of the Blue
30%
Film1968Panic in the City
30%
TV Film1991Paris Trout
30%
TV Show1964Petticoat Junction
30%
Film1966Queen of Blood
30%
Short Film1989Rabbit Ears: The Fisherman and His Wife
30%
Short Film1987Rabbit Ears: The Tale of Peter Rabbit
30%
Film1981Reborn
30%
Documentary2006Rising Son: The Legend of Skateboarder Christian Hosoi
30%
Film1997Road Ends
30%
Documentary1999Robert Rauschenberg: Inventive Genius
30%
Film1983Rumble Fish
30%
Director1987Running Out of Luck
30%
TV Film1996Samson and Delilah
30%
Film1957Sayonara
30%
TV Show1956Screen Directors Playhouse
30%
Film1995Search and Destroy
30%
Music Video2006Smiley Faces
30%
Film1996Space Truckers
30%
TV Film1985Stark
30%
TV Film1986Stark: Mirror Image
30%
Film1999Straight Shooter
30%
Film1987Straight to Hell
30%
TV Show1958Studio One
30%
TV Show1957Sugarfoot
30%
Film1992Sunset Heat
30%
TV Show1962Surfside 6
30%
TV Show2002Suspense
30%
TV Film2003Suspense
30%
TV Film1958Swiss Family Robinson
30%
Film1964Tarzan and Jane Regained... Sort of
30%
Documentary1971The American Dreamer
30%
Film1977The American Friend
30%
Film1986The American Way
30%
TV Show1960The Barbara Stanwyck Show
30%
TV Show1960The Betty Hutton Show
30%
TV Show1967The Big Valley
30%
Film1997The Blackout
30%
Film2005The Crow: Wicked Prayer
30%
TV Show1963The Dakotas
30%
TV Show1962, 1963The Defenders
30%
Commercial2002The Gap
30%
Film1967The Glory Stompers
30%
Film1997The Good Life
30%
TV Show1963The Greatest Show on Earth
30%
TV Short2002The Groovenians
30%
TV Show1967The Guns of Will Sonnett
30%
TV Film1993The Heart of Justice
30%
Director1990The Hot Spot
30%
TV Show1956The Kaiser Aluminum Hour
30%
Film2004The Keeper
30%
Film2016The Last Film Festival
30%
Film1971The Last Movie
30%
TV Film2004The Last Ride
30%
TV Show1966The Legend of Jesse James
30%
TV Show1964The Lieutenant
30%
TV Show1959The Lineup
30%
TV Show1960The Millionaire
30%
Film2003The Night We Called It a Day
30%
Film1983The Osterman Weekend
30%
Film2018The Other Side of the Wind
30%
Film2002The Piano Player
30%
Film1999The Prophet's Game
30%
TV Show1955The Public Defender
30%
TV Show1958, 1959The Rifleman
30%
Film1979The Sky Is Falling
30%
Film1965The Sons of Katie Elder
30%
Documentary1999The Source
30%
Film2000The Spreading Ground
30%
Film1957The Story of Mankind
30%
Short Film1964The Thirteen Most Beautiful Boys
30%
TV Show1966The Time Tunnel
30%
Director1967The Trip
30%
Film1999The Venice Project
30%
Film1959The Young Land
30%
Film2001Ticker
30%
Film1997Top of the World
30%
Film1977Tracks
30%
Film1998Tycus
30%
Music Video1998Victory
30%
TV Show1963Wagon Train
30%
Film1983White Star
30%
TV Mini-Series1980Wild Times
30%
TV Film1994Witch Hunt
30%
Award Show20032003 Taurus World Stunt Awards
20%
Award Show20042004 Taurus World Stunt Awards
20%
Film2010Alpha and Omega
20%
TV Special2001An All-Star Tribute to Brian Wilson
20%
Film2008An American Carol
20%
Documentary2006Andy Warhol: A Documentary Film
20%
Documentary Series2000Arena
20%
Documentary2008Bananaz
20%
TV Show2008-2009Crash
20%
Video Game2009Deadly Creatures
20%
TV Special1995Dennis Hopper: L.A. Blues
20%
TV Documentary2002Dennis Hopper: The Decisive Moments
20%
Documentary2016Dennis Hopper: Uneasy Rider
20%
Documentary2003Easy Riders, Raging Bulls
20%
TV Show2007Entourage
20%
TV Show2005-2006E-Ring
20%
Documentary Series1999ESPN SportsCentury
20%
Film1978Flesh Color
20%
Concert Film2006Gorillaz: Live in Manchester
20%
Documentary1991Hearts of Darkness: A Filmmaker's Apocalypse
20%
Documentary2020Hopper/Welles
20%
Film1984Jungle Warriors
20%
TV Film1999Justice
20%
TV Show1957Lux Video Theatre
20%
Theater1961Mandingo
20%
TV Show1956Matinee Theatre
20%
Film2000Michael Angel
20%
Short Film2003New Scenes from America
20%
Film2008Palermo Shooting
20%
TV Show1958Pursuit
20%
Short Film1992Rabbit Ears: Annie Oakley
20%
Short Film1992Rabbit Ears: Jonah and the Whale
20%
Short Film1991Rabbit Ears: King Midas and the Golden Touch
20%
Short Film1985Rabbit Ears: The Steadfast Tin Soldier
20%
Short Film1987Rabbit Ears: The Tale of Mr. Jeremy Fisher
20%
Short Film1989Rabbit Ears: Thumbelina
20%
TV Documentary1987Rolling Stone Presents Twenty Years of Rock & Roll
20%
TV Short1987Santabear's High Flying Adventure
20%
Short Film1964Screen Test: Dennis Hopper
20%
TV Show1995Shooting Gallery
20%
Docmentary2005Sketches of Frank Gehry
20%
Film2008Sleepwalking
20%
Film2008Swing Vote
20%
Documentary1970The Festival Game
20%
Film1984The Inside Man
20%
TV Show1961The Investigators
20%
Documentary2006The Sixth Element: The Ross Clarke-Jones Story
20%
Film1977The Sorcerer's Apprentice
20%
Film2003The Target
20%
TV Documentary1996The World's Best Sellers: The Fine Art of Separating People from Their Money
20%
Documentary2008Tim Leary: The Art of Dying
20%
Documentary1997Who Is Henry Jaglom?
20%
TV Documentary1988Art, Acting, and the Suicide Chair: Dennis Hopper
10%
Film2004Bad Boy's 10th Anniversary... The Hits
10%
TV Show1965Court Martial
10%
TV Documentary1991Crazy About the Movies: Dennis Hopper
10%
TV Show1958Decision
10%
TV Documentary1992Dennis Hopper as Collector and Artist
10%
TV Documentary2000Dennis Hopper: Rebel Without a Pause
10%
Short Documentary2003Larry Flynt Exposed
10%
TV Show2000MADtv
10%
Film1999The Black and The White
10%
TV Show1972The Dean Martin Show
10%
Film1996The Last Days of Frankie Fly
10%
TV Documentary1997U2: A Year in Pop
10%

Score Distribution

Percentile by Number Answered

Percent of People with Each Score

Your Score History

You have not taken this quiz since the last reset